00366nam a2200133Ia 4500008004100000020001500041041001200056082001600068100001500084245007900099260002500178300000800203650002100211221030s9999 xx 000 0 und d a0070996784 aEnglish a105.23bZba aP. B. Zbar 0aIndustrial Electronics : A Text Lab Manual ( DEPARTMENTAL )cby P. B. Zbar bTMHaNew Delhic2004 a278 aECE Departmental